Estadio de rock /

Un recital de una banda de rock en un ambiente cerrado y otro recital en un espacio abierto son los escenarios elegidos para abordar contenidos de física, acústica, electrónica, biología y matemática. Algunos de los temas tratados son la descripción de la cadena acústica: fuente-propagación-percepci...

Descripción completa

Guardado en:
Autor Principal: Campanella, Juan José
Autores Corporativos: Instituto Nacional de Educación Tecnológica (INET), Canal Encuentro.
Formato: Deslizar
Publicado: Argentina, 2009
Series:Entornos Invisibles
Materias:
Acceso en línea:https://www.educ.ar/recursos/50686/estadio-de-rock
Etiquetas: Agregar Etiqueta
Sin Etiquetas, Sea el primero en etiquetar este registro!
LEADER 01599ngm a22003255g 4500
001 CEM.cems023524
008 130507s2009##################0###0#####d
005 20250603152450.0
245 1 0 |a Estadio de rock /  |c Juan José Campanella. 
260 |a Argentina,  |c 2009 
300 |a 30'. 
490 0 |a Entornos Invisibles 
500 |a Consultar en ventanilla. 
520 |a Un recital de una banda de rock en un ambiente cerrado y otro recital en un espacio abierto son los escenarios elegidos para abordar contenidos de física, acústica, electrónica, biología y matemática. Algunos de los temas tratados son la descripción de la cadena acústica: fuente-propagación-percepción, oído y sensibilidad auditiva en función de la frecuencia; acústica del local: niveles acústicos interiores, absorción de los materiales y reverberación (propiedades), aislamiento acústico respecto del entorno; transmisión del ruido y de las vibraciones; efectos del ruido en el público que asiste a un recital. 
538 |a Soporte: DVD - Color: Si - Grabación DRD 
100 1 |a Campanella, Juan José 
710 2 |a Instituto Nacional de Educación Tecnológica (INET) 
710 2 |a Canal Encuentro. 
082 5 3 |/ CAM 
653 |a CIENCIA 
653 |a FISICA 
653 |a QUIMICA 
653 |a ENTORNOS INVISIBLES 
653 |a ACUSTICA 
653 |a SONIDO 
653 |a REVERBERACION 
653 |a SERIE DE TELEVISIÓN 
653 |a DOCUMENTAL 
856 |u https://www.educ.ar/recursos/50686/estadio-de-rock 
859 |a CEMS  |b BIB. CEMS - Depto. Recursos Didacticos  |h 530  |i CAM  |k DRD  |p 2167.15  |t Ej.1